书目信息 |
| 题名: |
基因克隆理论与技术
|
|
| 作者: | 王廷华 , 董坚 , 李 主编 | |
| 分册: | ||
| 出版信息: | 北京 科学出版社 2005 |
|
| 页数: | 192页 | |
| 开本: | 26cm | |
| 丛书名: | 21世纪生物技术丛书 | |
| 单 册: | ||
| 中图分类: | Q785 | |
| 科图分类: | ||
| 主题词: | 无性系--遗传工程 , 无性系 , 基因工程 | |
| 电子资源: | ||
| ISBN: | 7-03-014645-X | |
| 000 | 01110nam0 2200313 450 | |
| 000 | 01117nam0 2200313 450 | |
| 000 | 01050nam0 2200289 450 | |
| 000 | 01013nam0 2200277 45 | |
| 005 | 20070528140209.93 | |
| 010 | @a7-03-014645-X@dCNY34.80 | |
| 100 | @a20070418d2005 em y0chiy0120 ea | |
| 101 | 1 | @achi@ceng |
| 102 | @aCN@b110000 | |
| 105 | @ay z 000yy | |
| 200 | 1 | @a基因克隆理论与技术@AJi Yin Ke Long Li Lun Yu Ji Shu@f王廷华,董坚,[英]Petrik X Lee主编@FWang Ting Hua, Dong Jian, [ Ying ]Petrik X Lee Zhu Bian |
| 210 | @a北京@c科学出版社@d2005 | |
| 215 | @a192页@c图@d26cm | |
| 225 | 2 | @a21世纪生物技术丛书 |
| 330 | @a本书上篇介绍了基因的结构与功能、蛋白质的结构与功能、基因的调控等分子生物学基本理论;下篇重点介绍了基因克隆的实验技术。 | |
| 410 | 0 | @12001 @a21世纪生物技术丛书 |
| 606 | 0 | @a无性系@x遗传工程 |
| 606 | 0 | @a无性系 |
| 606 | 0 | @a基因工程 |
| 690 | @aQ785@v4 | |
| 701 | 0 | @a王廷华@AWang Ting Hua@4主编 |
| 701 | 0 | @a董坚@ADong Jian@c(生物技术)@4主编 |
| 701 | 1 | @c(英)@a李@ALi@g(Lee, Petrik X)@4主编 |
| 801 | 0 | @aCN@bTAOJIN@c20070528 |
| 905 | @a10447@dQ785@e93 | |
| 基因克隆理论与技术/王廷华,董坚,[英]Petrik X Lee主编.-北京:科学出版社,2005 |
| 192页:图;26cm.-(21世纪生物技术丛书 ) |
| ISBN 7-03-014645-X:CNY34.80 |
| 本书上篇介绍了基因的结构与功能、蛋白质的结构与功能、基因的调控等分子生物学基本理论;下篇重点介绍了基因克隆的实验技术。 |
| ● |
| 相关链接 |
|
|
|
|
正题名:基因克隆理论与技术
索取号:Q785/93
 
预约/预借
| 序号 | 登录号 | 条形码 | 馆藏地/架位号 | 状态 | 备注 |
| 1 | 0523429 | 205234290 | 第二样本阅览室/ [索取号:Q785/93] | 在馆 | |
| 2 | 0523430 | 205234307 | 第三借阅区/ [索取号:Q785/93] | 在馆 | |
| 3 | 0523431 | 205234316 | 第三借阅区/ [索取号:Q785/93] | 在馆 |